000 00359cam a22001097a 4500
008 180718b xxu||||| |||| 00| 0 eng d
082 _aL1x5431
100 _aGovernment of Jammu and Kashm
245 _aBudget papers, Jammu and Kashmir
_cby Government of Jammu and Kashmir
260 _a
_bGovernment of Jammu and Kashmir.
_c
500 _aLibrrary has 1971-72, 1973-76
999 _c503940
_d503940